LEADER 00952nam0-22003251i-450- 001 990000006430403321 035 $a000000643 035 $aFED01000000643 035 $a(Aleph)000000643FED01 035 $a000000643 100 $a20011111d--------km-y0itay50------ba 101 0 $aita 105 $ay-------001yy 200 1 $aStructured programming$fO. J. Dahl , E. W. Dijkstra , C. A. R. Hoare. 210 $aLondon$cAcademic press$d1972 215 $aVIII, 220 p.$cill.$d24 cm 225 1 $aAPIC studies in data processing$v8 610 0 $aElaboratori elettronici$aProgrammazione 676 $a005.113 700 1$aDahl,$bOle-Johan$0565 702 1$aDijkstra,$bE. W. 702 1$aHoare,$bCharles Antony Richard 801 0$aIT$bUNINA$gRICA$2UNIMARC 901 $aBK 912 $a990000006430403321 952 $a13 C 01 02$b28898$fFINBC 959 $aFINBC 996 $aStructured programming$9107786 997 $aUNINA DB $aING01